Green chemistry : An introductory text

שמור ב:
מידע ביבליוגרפי
מחבר ראשי:  Lancaster, Mike
פורמט: Sách
שפה:Undetermined
יצא לאור:  Royal Society of Chemistry  2010
נושאים:
תגים: הוספת תג
אין תגיות, היה/י הראשונ/ה לתייג את הרשומה!
Thư viện lưu trữ: Trung tâm Thư viện - Trường Đại học Công nghiệp TP. Hồ Chí Minh
LEADER 00492nam a2200157Ia 4500
001 UIH_06362
008 231011s9999 xx 000 0 und d
082 |a  660.286 
100 |a  Lancaster, Mike 
245 0 |a  Green chemistry : An introductory text 
245 0 |c  Lancaster, Mike 
260 |b  Royal Society of Chemistry 
260 |c  2010 
650 |a  Hóa học xanh;  
927 |a Sách 
980 |a Trung tâm Thư viện - Trường Đại học Công nghiệp TP. Hồ Chí Minh